The Huntington Botanical Gardens, 1905-1949 ; personal recollections of William Hertrich, curator emeritus.

Bibliographic Details
Main Author: Hertrich, William
Format: Book
Language:English
Published: San Marino, Calif. : Huntington Library, 1949.
Edition:[1st ed.].
Subjects:

MARC

Tag First Indicator Second Indicator Subfields
LEADER 00000cam a2200000 4500
001 in00000044114
005 20151007070957.0
008 761020s1949 cauac 00010 eng
010 |a  49009784  
035 |a (OCoLC)02516244 
035 |9 AAE5076AM 
040 |a DLC  |c HDC  |d TXA  |d UtOrBLW 
049 |a TXAM  |c [169301] 
050 0 0 |a QK73.H45  |b H4 
082 0 |a 580.74 
092 |a 580.74  |b H574h 
100 1 |a Hertrich, William. 
245 1 4 |a The Huntington Botanical Gardens, 1905-1949 ;  |b personal recollections of William Hertrich, curator emeritus. 
250 |a [1st ed.]. 
264 1 |a San Marino, Calif. :  |b  Huntington Library,  |c 1949. 
300 |a 167 pages :  |b illustrations, portraits ;  |c 28 cm. 
336 |a text  |b txt  |2 rdacontent 
337 |a unmediated  |b n  |2 rdamedia 
338 |a volume  |b nc  |2 rdacarrier 
651 2 0 |a Henry E. Huntington Library and Art Gallery.  |b Botanic Gardens. 
999 |a MARS 
999 f f |s 73242dba-ee36-31cf-a6c1-c6d6e2c203ac  |i cdfbc007-96bc-3ac8-8033-35629836e50b  |t 0 
952 f f |p ric  |a Texas A&M University  |b Rellis Campus  |c Joint Library Facility  |d Remote Storage  |t 0  |e QK73.H45 H4  |h Library of Congress classification  |i unmediated -- volume  |m A14800985362 
998 f f |a QK73.H45 H4  |t 0  |l Remote Storage